000 00691nam a2200289Ia 4500
005 20260324144735.0
008 008 260324s9999 xx 000 0 eng d
020 _a9781315802091
037 _aEBOOK
040 _aCRL
040 _beng
040 _cCRL
041 _2eng
041 _aeng
084 _qCRL
100 _aR. D. Ashmore; D. M. Brodzinsky
_91220431
245 0 _aThinking About the Family
245 0 _bViews of Parents and Children
260 _bTaylor and Francis
260 _c1986
365 _a
365 _b230
856 _uhttp://www.taylorfrancis.com/books/9781315802091
942 _cEBOOK
999 _c1827427
_d1827427